Online Catalogue and eLibrary

Dada keliya (Record no. 4872)

MARC details
000 -LEADER
fixed length control field 00357nam a2200157Ia 4500
005 - DATE AND TIME OF LATEST TRANSACTION
control field 20250428012443.0
008 - FIXED-LENGTH DATA ELEMENTS--GENERAL INFORMATION
fixed length control field 240331s9999 xx 000 0 und d
020 ## - INTERNATIONAL STANDARD BOOK NUMBER
ISBN 9555842000
082 ## - DDC Classification
Item Number - Author Mark MAN
Class No. 891
100 ## - MAIN ENTRY--PERSONAL NAME
Personal name Manike,A.W
245 #0 - TITLE STATEMENT
Title Dada keliya
260 ## - PUBLICATION, DISTRIBUTION, ETC.
Place of publication, distribution, etc. Kottawa
Name of publisher, distributor, etc. Sara Publishers
Date of publication, distribution, etc. 1996
300 ## - PHYSICAL DESCRIPTION
Extent (e.g. Volumes, Pages etc.) 160 p .,
650 ## - SUBJECT ADDED ENTRY--TOPICAL TERM
Topical term or geographic name entry element A Novel
942 ## - Koha item type (Biblio)
Koha item type Books in Stacks (Lending)
Holdings
Lost status Damaged status Collection code Home library Current library Shelving location Date acquired Full call number Accession Number Item type
    Lending WERC Library WERC Library Social Science Cupboard 03/31/2024 891.48 MAN 2827 Books in Stacks (Lending)

© WERC Library